Cusco en mis primeros años : (Record no. 22982)

000 -CABECERA
fixed length control field 00906nam a22002177i 4500
003 - IDENTIFICADOR DEL NÚMERO DE CONTROL
control field AR-CdUCM
008 - DATOS DE LONGITUD FIJA--INFORMACIÓN GENERAL
fixed length control field 240812b20222022 pe||||| |||| 00| 0 spa d
020 ## - NÚMERO INTERNACIONAL ESTÁNDAR DEL LIBRO
ISBN 978-612-4436-67-3
040 ## - FUENTE DE LA CATALOGACIÓN
Agencia/entidad que catalogó originalmente la obra MUNICIPALIDAD PROVINCIAL DEL CUSCO
Entidad que transcribió la catalogación BIBLIOTECA MUNICIPAL DEL CUSCO
082 ## - NÚMERO DE LA CLASIFICACIÓN DECIMAL DEWEY
No. de Clasificación EP / 869.56 / E93C
Notacion interna E93C
100 ## - ENTRADA PRINCIPAL--NOMBRE DE PERSONA
Nombre Personal Estrada Pérez, Nohemí.
245 ## - MENCIÓN DE TÍTULO
Título Cusco en mis primeros años :
Resto del título Narraciones y poemas para niños /
260 ## - PUBLICACIÓN, DISTRIBUCIÓN, ETC.
Lugar de publicación, distribución, etc. Lima :
Nombre de la editorial, distribuidor, etc. Lluvia Editores,
-- Sociedad Pro Cultura Clorinda Matto de Turner,
Fecha de publicación, distribución, etc. 2022
300 ## - DESCRIPCIÓN FÍSICA
Nº de Páginas Extensión 132 páginas. :
Otros detalles físicos Ilustraciones a color,
Dimensiones 20 cm.
505 ## - NOTA DE CONTENIDO CON FORMATO
Nota de contenido formateada El Qosqo -- Morena Angelita -- Kantutitas -- El Ñukchu -- Un niño divino -- El chachacomo triste
650 ## - PUNTO DE ACCESO ADICIONAL DE MATERIA--TÉRMINO DE MATERIA
Descriptor Cuentos infantiles peruanos
9 (RLIN) 3914
650 ## - PUNTO DE ACCESO ADICIONAL DE MATERIA--TÉRMINO DE MATERIA
Descriptor Literatura infantil
9 (RLIN) 588
700 ## - PUNTO DE ACCESO ADICIONAL--NOMBRE DE PERSONA
Nombre Personal Tapia Martínez, Jaclyn [Ilustrador]
9 (RLIN) 50141
942 ## - ELEMENTOS DE PUNTO DE ACCESO ADICIONAL (KOHA)
Fuente de clasificación
Tipo de item Libros-BMC
945 ## - PROCESAMIENTO DE INFORMACIÓN LOCAL (OCLC)
Catalogador pbj
AAAA-MM-DD - Fecha de ingreso o modificacion 2024-08-12
Holdings
Estado de retiro (separado) Fuente de clasificación o esquema de estanterías Estado dañado Ubicación Sala donde se ubica Nombre de la colección Fecha de adquisición o compra Fuente de adquisición Costo, precio normal en soles Signatura topográfica Código de Barras Última vez visto (Koha) Tipo de ítem (Koha)
No     Sala de Infantes Sala de Infantes Book Cart 2024-08-12 Donación 20.00 EP / 869.56 / E93C SI00004932 2024-08-12 Libros-BMC
No     Sala de Infantes Sala de Infantes Book Cart 2024-08-12 Donación 20.00 EP / 869.56 / E93C / e.2 SI00004933 2024-08-12 Libros-BMC

Powered by Koha